| 000 | 00811mam a2200277ua 4500 | ||
|---|---|---|---|
| 001 | 20713 | ||
| 003 | BD-RjUL | ||
| 005 | 20220328161429.0 | ||
| 008 | 140302s1979 bg a 000 0 eng d | ||
| 035 | _a(OCoLC)13602713 | ||
| 035 | _a(BD-RjUL)20775 | ||
| 040 |
_aPAU _cPAU _dNNC _dBD-RjUL _beng |
||
| 041 | _aeng | ||
| 082 | 0 | 0 |
_a822 _bAHT 1979 |
| 100 | 1 |
_aSyeed, Ahmed. _963955 |
|
| 245 | 0 | 0 |
_aThree plays / _cby Sayeed Ahmad. |
| 250 | _a1st ed. | ||
| 260 |
_aDacca : _bBangla Academy, _c1979. |
||
| 300 |
_a113 p., [3] leaves of plates : _bill. ; _c22 cm. |
||
| 500 | _aPreviously published in various magazines, 1961-1967. | ||
| 505 | 0 | _aThe thing -- The milepost -- Survival. | |
| 650 |
_aDrama _xCollections. _962821 |
||
| 650 |
_aEnglish drama. _964004 |
||
| 942 |
_2ddc _cBK |
||
| 999 |
_c20713 _d20713 |
||